000 00266nam a22001217a 4500
082 _a823
_bLIT/B
100 _aLITTMAN, SARAH DARER
245 _aBACKLASH
260 _aNEW DELHI
_bSCHOLASTIC INDIA
300 _a321
650 _aNOVEL,ENGLISH
_zNEW DELHI
942 _cBK
999 _c2420
_d2420